| 000 | 00412pab a2200169 454500 | ||
|---|---|---|---|
| 008 | 180718b2010 xxu||||| |||| 00| 0 eng d | ||
| 100 | _aRojesh, Seram | ||
| 245 | _aWhither indigenous peoples and their culture? | ||
| 260 | _c2010 | ||
| 300 | _ap.356-368. | ||
| 362 | _aOct-Dec | ||
| 650 | _aCultural rights | ||
| 650 | _aIndigenous populations | ||
| 773 | _aSocial Action | ||
| 908 | _aN | ||
| 909 | _a89463 | ||
| 999 |
_c89463 _d89463 |
||